Sports Teams Names to City - Statistics

General Stats
  • This quiz has been taken 137 times
    61 since last reset
  • The average score is 10 of 14
Answer Stats
Hint Answer % Correct
Bulls Chicago
98%
Heat Miami
95%
Texans Houston
91%
Orioles Baltimore
88%
Islanders New York
83%
Flyers Philadelphia
81%
Bucks Milwaukee
79%
Raiders Oakland
79%
Cardinals St.Louis
79%
Indians Cleveland
76%
Flames Calgary
64%
Galaxy Los Angeles
55%
RedBlacks Ottawa
21%
Coyotes Glendale
17%
No matching quizzes found
Score Distribution
Percent of People with Each Score
Percentile by Number Answered
Your Score History
You have not taken this quiz since the last reset